[Event "5MCR_4D_2L_4S"]
[Site "?"]
[Date "2002.??.??"]
[Round "?"]
[White "Glaser, Karel"]
[Black "Olsovsky, Josef"]
[Result "1/2-1/2"]
[WhiteElo "2025"]
[BlackElo "1800"]
[PlyCount "67"]
[EventDate "2002.??.??"]
[EventType "corr"]
[SourceDate "2004.??.??"]

1. e4 c5 2. Nf3 d6 3. d4 cxd4 4. Nxd4 Nf6 5. Nc3 a6 6. Bg5 e6 7. f4 Qb6 8. Nb3
Be7 9. Qf3 Qc7 10. O-O-O Nbd7 11. Bd3 b5 12. a3 Bb7 13. Rhe1 O-O-O 14. Qe2 Nc5
15. Kb1 h6 16. Bxf6 Bxf6 17. Nxc5 dxc5 18. e5 Be7 19. g4 Rd7 20. Be4 Rhd8 21.
Rxd7 Rxd7 22. Bxb7+ Kxb7 23. Rd1 Rxd1+ 24. Qxd1 Qc6 25. Qd3 Qh1+ 26. Ka2 Qc6
27. Kb1 Qh1+ 28. Ka2 Qc6 29. h3 Kc7 30. Kb1 Qh1+ 31. Ka2 Qc6 32. f5 Qd7 33. Qe4
Kb6 34. Qa8 1/2-1/2

[Event "5MCR_4D_2L_4S"]
[Site "?"]
[Date "2002.??.??"]
[Round "?"]
[White "Glaser, Karel"]
[Black "Portych, Vaclav"]
[Result "1-0"]
[WhiteElo "2025"]
[BlackElo "2040"]
[PlyCount "109"]
[EventDate "2002.??.??"]
[EventType "corr"]
[SourceDate "2004.??.??"]

1. e4 c5 2. Nf3 Nc6 3. d4 cxd4 4. Nxd4 Nf6 5. Nc3 e5 6. Ndb5 d6 7. Bg5 a6 8.
Na3 b5 9. Bxf6 gxf6 10. Nd5 f5 11. Bd3 Be6 12. O-O Bg7 13. Qh5 f4 14. c4 bxc4
15. Bxc4 O-O 16. Rac1 Rb8 17. b3 Qd7 18. Rfd1 Kh8 19. Qh4 f5 20. Nxf4 exf4 21.
Bxe6 Qxe6 22. Rxc6 fxe4 23. Rcxd6 Qf5 24. Nc4 f3 25. R1d5 Qf7 26. Rd7 Qg6 27.
Rg5 Qh6 28. Qxh6 Bxh6 29. Rg3 Rfd8 30. Rxd8+ Rxd8 31. gxf3 Bf4 32. Rh3 Rd3 33.
Kg2 Rxf3 34. Rxf3 exf3+ 35. Kg1 Kg7 36. Nb2 Kf6 37. Nd3 Bd2 38. Nc5 Ke5 39.
Nxa6 Kd5 40. h3 Bc3 41. a3 Kd4 42. a4 Kd3 43. Kf1 h5 44. b4 Kc4 45. b5 Kd5 46.
Nb8 Kc5 47. Nd7+ Kd5 48. Kg1 Kd6 49. Nf8 Bd4 50. Kf1 Bf6 51. Ng6 Bd8 52. Nf4 h4
53. Nd3 Kd5 54. Nb4+ Kc4 55. Nc6 1-0

[Event "5MCR_4D_2L_4S"]
[Site "?"]
[Date "2002.??.??"]
[Round "?"]
[White "Glaser, Karel"]
[Black "Zitek, Miroslav"]
[Result "1/2-1/2"]
[WhiteElo "2025"]
[BlackElo "2000"]
[PlyCount "138"]
[EventDate "2002.??.??"]
[EventType "corr"]
[SourceDate "2004.??.??"]

1. e4 d6 2. d4 Nf6 3. Nc3 g6 4. f4 Bg7 5. Nf3 O-O 6. Bd3 c5 7. dxc5 dxc5 8. Qe2
Nc6 9. e5 Nd4 10. Nxd4 cxd4 11. Nb5 a6 12. exf6 exf6 13. O-O axb5 14. f5 Re8
15. Qf3 Qb6 16. Bd2 Re5 17. Bf4 Re7 18. Rae1 Rxe1 19. Rxe1 Bxf5 20. Bxf5 gxf5
21. Qg3 Kh8 22. Qf2 h6 23. c3 Rxa2 24. cxd4 Qc6 25. Qd2 Kh7 26. d5 Qd7 27. Rc1
Bf8 28. Rc7 Qe8 29. d6 Ra8 30. Rc1 Rd8 31. Rd1 Qd7 32. b3 Rc8 33. Qd4 Kg6 34.
Rd3 Bg7 35. Rh3 Ra8 36. Qd1 Kh7 37. Qd2 Kg8 38. Rd3 Kh7 39. Rd5 Re8 40. Qd3 Re4
41. g3 b4 42. Rc5 Bf8 43. Rc7 Qe6 44. Kg2 Re2+ 45. Kh3 Bxd6 46. Bxd6 Re3 47.
Qc4 Kg6 48. Rxb7 Rxb3 49. Qf4 Qe2 50. Rxb4 Rd3 51. Bf8 Qh5+ 52. Qh4 Qg5 53. Rf4
Rd2 54. Bc5 Rd5 55. Bd4 Rd6 56. Kg2 Ra6 57. Kh3 Rd6 58. Be3 Rd3 59. Rf3 Qxe3
60. Rxe3 Rxe3 61. Qd4 Re4 62. Qc5 Re8 63. g4 fxg4+ 64. Kxg4 Re4+ 65. Kf3 Re8
66. Qg1+ Kh7 67. Kf4 Re5 68. Qd1 h5 69. h4 Kg8 1/2-1/2

[Event "5MCR_4D_2L_4S"]
[Site "?"]
[Date "2002.??.??"]
[Round "?"]
[White "Jina, Jiri"]
[Black "Chvojka, Jaroslav"]
[Result "1/2-1/2"]
[WhiteElo "2185"]
[BlackElo "2125"]
[PlyCount "77"]
[EventDate "2002.??.??"]
[EventType "corr"]
[SourceDate "2004.??.??"]

1. b4 e5 2. a3 d5 3. Bb2 a5 4. Bxe5 Nc6 5. Bc3 axb4 6. axb4 Rxa1 7. Bxa1 Nxb4
8. Nf3 Nf6 9. g3 Bd6 10. Bg2 O-O 11. O-O Re8 12. d3 Bd7 13. Nbd2 Ba4 14. Nb3 c5
15. e3 b6 16. Qb1 Bd7 17. Bc3 Nc6 18. Qa1 Be7 19. Ne5 Nxe5 20. Bxe5 Qc8 21. Qa7
Qc6 22. Ra1 Bd8 23. Bxf6 Bxf6 24. Ra6 Bd8 25. c4 Be6 26. d4 cxd4 27. Nxd4 Qxc4
28. Nxe6 fxe6 29. Qd7 Rf8 30. Qxe6+ Kh8 31. Ra7 Qb4 32. Rf7 d4 33. exd4 b5 34.
Bf1 Rxf7 35. Qxf7 Qe7 36. Qxe7 Bxe7 37. Bxb5 g6 38. f4 Kg7 39. Kf2 1/2-1/2

[Event "5MCR_4D_2L_4S"]
[Site "?"]
[Date "2002.??.??"]
[Round "?"]
[White "Jina, Jiri"]
[Black "Cihal, Jan"]
[Result "1/2-1/2"]
[WhiteElo "2185"]
[BlackElo "2020"]
[PlyCount "55"]
[EventDate "2002.??.??"]
[EventType "corr"]
[SourceDate "2004.??.??"]

1. b4 d5 2. Bb2 Qd6 3. a3 e5 4. Nf3 Nd7 5. e3 c6 6. d3 Ngf6 7. Nbd2 Qe6 8. Be2
Bd6 9. O-O O-O 10. c4 b6 11. Qa4 Bb7 12. Qc2 Rfd8 13. Rab1 c5 14. bxc5 Nxc5 15.
cxd5 Bxd5 16. d4 Nce4 17. dxe5 Rac8 18. Qd3 Nxd2 19. Ng5 Be4 20. Qxd2 Qf5 21.
Nxe4 Nxe4 22. Qd1 Bxe5 23. Bg4 Rxd1 24. Bxf5 Rxf1+ 25. Rxf1 Re8 26. Bxe5 Rxe5
27. Bxe4 Rxe4 28. Rc1 1/2-1/2

[Event "5MCR_4D_2L_4S"]
[Site "?"]
[Date "2002.??.??"]
[Round "?"]
[White "Jina, Jiri"]
[Black "Marecek, Vladislav"]
[Result "1-0"]
[WhiteElo "2185"]
[BlackElo "1800"]
[PlyCount "80"]
[EventDate "2002.??.??"]
[EventType "corr"]
[SourceDate "2004.??.??"]

1. b4 d5 2. Bb2 Nf6 3. Nf3 e6 4. a3 a5 5. b5 c5 6. e3 Nbd7 7. c4 Bd6 8. d4 O-O
9. Nc3 dxc4 10. dxc5 Nxc5 11. Bxc4 b6 12. Rc1 Bb7 13. Na4 Nxa4 14. Qxa4 Qe7 15.
Be2 e5 16. O-O Ne4 17. Rfd1 Rac8 18. Rxc8 Rxc8 19. Nd2 Nc3 20. Bxc3 Rxc3 21.
Nc4 Bc5 22. Rd2 Qg5 23. g3 h5 24. Qd1 h4 25. Rd8+ Kh7 26. Bd3+ e4 27. Bf1 a4
28. Qd7 Rc1 29. Kg2 Re1 30. Nd2 Qh5 31. g4 Qg5 32. h3 f5 33. Qxf5+ Qxf5 34.
gxf5 Kh6 35. Nc4 Ra1 36. Be2 Ra2 37. Bd1 Kg5 38. Bxa4 Ra1 39. Bb3 Kxf5 40. a4
Rb1 1-0

[Event "5MCR_4D_2L_4S"]
[Site "?"]
[Date "2002.??.??"]
[Round "?"]
[White "Jina, Jiri"]
[Black "Olsovsky, Josef"]
[Result "1/2-1/2"]
[WhiteElo "2185"]
[BlackElo "1800"]
[PlyCount "74"]
[EventDate "2002.??.??"]
[EventType "corr"]
[SourceDate "2004.??.??"]

1. b4 e5 2. a3 a5 3. Bb2 e4 4. b5 Nf6 5. e3 d5 6. d3 Bd6 7. c4 Bg4 8. Qc2 exd3
9. Bxd3 dxc4 10. Bxc4 Nbd7 11. Nd2 O-O 12. Ngf3 Re8 13. O-O Qe7 14. Bd3 Rec8
15. Nd4 Ne5 16. Bf5 Bxf5 17. Nxf5 Qe6 18. Rad1 Bf8 19. Nd4 Qe8 20. a4 g6 21.
N4f3 Nxf3+ 22. Nxf3 Bg7 23. Ne5 Qe7 24. Nc4 Ne8 25. Bxg7 Nxg7 26. Rd2 b6 27.
Rfd1 Rd8 28. h3 Rxd2 29. Qxd2 Ne6 30. Ne5 Re8 31. Qc3 Rd8 32. Rxd8+ Qxd8 33.
Ng4 h5 34. Nf6+ Kf8 35. Qa1 Qd3 36. e4 Ke7 37. Ng8+ Kf8 1/2-1/2

[Event "5MCR_4D_2L_4S"]
[Site "?"]
[Date "2002.??.??"]
[Round "?"]
[White "Jina, Jiri"]
[Black "Rubes, Zdenek"]
[Result "1/2-1/2"]
[WhiteElo "2185"]
[BlackElo "2075"]
[PlyCount "52"]
[EventDate "2002.??.??"]
[EventType "corr"]
[SourceDate "2004.??.??"]

1. b4 Nf6 2. Bb2 e6 3. b5 d5 4. e3 c5 5. Nf3 Bd6 6. c4 Nbd7 7. Qc2 b6 8. Be2
Bb7 9. cxd5 exd5 10. O-O O-O 11. a4 Re8 12. d4 Rc8 13. dxc5 Nxc5 14. Nbd2 Nfe4
15. Qd1 Bb8 16. Nd4 Nxd2 17. Qxd2 Qh4 18. h3 Ne4 19. Qe1 Qf6 20. Bd3 Qd6 21. g3
Re5 22. Rd1 Qg6 23. Nc6 Ree8 24. Nxb8 Rxb8 25. f3 Qxg3+ 26. Qxg3 Nxg3 1/2-1/2

[Event "5MCR_4D_2L_4S"]
[Site "?"]
[Date "2002.??.??"]
[Round "?"]
[White "Jina, Jiri"]
[Black "Veselsky, Michal"]
[Result "1-0"]
[WhiteElo "2185"]
[BlackElo "1870"]
[PlyCount "49"]
[EventDate "2002.??.??"]
[EventType "corr"]
[SourceDate "2004.??.??"]

1. b4 d5 2. Bb2 Qd6 3. a3 e5 4. Nf3 Nd7 5. e3 f5 6. c4 Ngf6 7. Nc3 c6 8. cxd5
Nxd5 9. Nxd5 Qxd5 10. Qc2 Qe6 11. Bc4 Qf6 12. O-O Bd6 13. e4 Nb6 14. Bb3 Be6
15. d4 Bxb3 16. Qxb3 Nd7 17. exf5 O-O-O 18. b5 c5 19. dxc5 Nxc5 20. Rac1 Qxf5
21. Qd5 Qf8 22. Bxe5 Bxe5 23. Qe6+ Kc7 24. Qxe5+ Kb6 25. Rfd1 1-0

[Event "5MCR_4D_2L_4S"]
[Site "?"]
[Date "2002.??.??"]
[Round "?"]
[White "Jirku, Jaroslav"]
[Black "Glaser, Karel"]
[Result "1/2-1/2"]
[WhiteElo "2225"]
[BlackElo "2025"]
[PlyCount "76"]
[EventDate "2002.??.??"]
[EventType "corr"]
[SourceDate "2004.??.??"]

1. e4 e5 2. Nf3 Nc6 3. Bb5 a6 4. Ba4 Nf6 5. O-O Be7 6. Re1 b5 7. Bb3 d6 8. c3
O-O 9. h3 Bb7 10. d4 Re8 11. Nbd2 Bf8 12. Bc2 Rc8 13. d5 Ne7 14. a4 c6 15. axb5
axb5 16. dxc6 Bxc6 17. Nb3 Ng6 18. Na5 Bd7 19. Nb3 Qc7 20. Bg5 b4 21. Re3 Nh5
22. Ne1 Nhf4 23. cxb4 h6 24. Bxf4 Nxf4 25. Qd2 Be6 26. Rc3 Qb7 27. Ra4 Qb5 28.
Nc1 d5 29. exd5 Rcd8 30. Rca3 Nxd5 31. Qd3 Qxd3 32. Ncxd3 e4 33. Nc5 Bf5 34.
Rb3 Re5 35. g4 Bg6 36. Ng2 Nxb4 37. Rbxb4 Bxc5 38. Rc4 e3 1/2-1/2

[Event "5MCR_4D_2L_4S"]
[Site "?"]
[Date "2002.??.??"]
[Round "?"]
[White "Jirku, Jaroslav"]
[Black "Jina, Jiri"]
[Result "1/2-1/2"]
[WhiteElo "2225"]
[BlackElo "2185"]
[PlyCount "90"]
[EventDate "2002.??.??"]
[EventType "corr"]
[SourceDate "2004.??.??"]

1. e4 e5 2. Nf3 Nf6 3. Nxe5 d6 4. Nf3 Nxe4 5. d4 d5 6. Bd3 Bb4+ 7. c3 Bd6 8.
O-O O-O 9. Re1 Re8 10. Nbd2 Nf6 11. Nf1 Rxe1 12. Qxe1 c6 13. Bg5 Be6 14. Ne5
Nbd7 15. f4 Be7 16. Ng3 Nxe5 17. fxe5 Nd7 18. Bxe7 Qxe7 19. Nf5 Bxf5 20. Bxf5
Nf8 21. Qg3 f6 22. exf6 Qxf6 23. Rf1 Qe7 24. Re1 Qf7 25. Re5 Re8 26. h3 b5 27.
a4 bxa4 28. Bc2 a3 29. bxa3 Rxe5 30. Qxe5 Qe6 31. Qxe6+ Nxe6 32. Ba4 Nd8 33.
Kf2 Kf7 34. Ke3 Ke6 35. Kd3 Kd6 36. c4 dxc4+ 37. Kxc4 h6 38. h4 g5 39. g3 Ne6
40. Bxc6 Kxc6 41. d5+ Kd6 42. dxe6 Kxe6 43. hxg5 hxg5 44. Kb5 Kf5 45. Ka6 Kg4
1/2-1/2

[Event "5MCR_4D_2L_4S"]
[Site "?"]
[Date "2002.??.??"]
[Round "?"]
[White "Jirku, Jaroslav"]
[Black "Marecek, Vladislav"]
[Result "1-0"]
[WhiteElo "2225"]
[BlackElo "1800"]
[PlyCount "69"]
[EventDate "2002.??.??"]
[EventType "corr"]
[SourceDate "2004.??.??"]

1. e4 e5 2. Nf3 Nf6 3. Nxe5 d6 4. Nf3 Nxe4 5. d4 d5 6. Bd3 Nc6 7. O-O Be7 8.
Re1 Bg4 9. c4 Nf6 10. cxd5 Nxd5 11. Nc3 O-O 12. Be4 Be6 13. Bd2 Bf6 14. Rc1
Nxd4 15. Nxd4 Bxd4 16. Nxd5 Bxd5 17. Bb4 Bxe4 18. Bxf8 Bxb2 19. Qxd8 Rxd8 20.
Be7 Rd7 21. Rcd1 Rxd1 22. Rxd1 f6 23. Bc5 b6 24. Rd8+ Kf7 25. Rd7+ Ke6 26. Re7+
Kd5 27. Be3 Be5 28. Rxg7 a5 29. f4 Bd6 30. g4 b5 31. f5 Bb1 32. Rxh7 Bxa2 33.
h4 a4 34. h5 a3 35. Bc1 1-0

[Event "5MCR_4D_2L_4S"]
[Site "?"]
[Date "2002.??.??"]
[Round "?"]
[White "Jirku, Jaroslav"]
[Black "Olsovsky, Josef"]
[Result "0-1"]
[WhiteElo "2225"]
[BlackElo "1800"]
[PlyCount "78"]
[EventDate "2002.??.??"]
[EventType "corr"]
[SourceDate "2004.??.??"]

1. e4 Nc6 2. d4 e5 3. d5 Nb8 4. Nf3 d6 5. Bd3 Nf6 6. h3 Be7 7. O-O O-O 8. Be3
Nxe4 9. Bxe4 f5 10. Bd3 e4 11. c4 exf3 12. Qxf3 Bf6 13. Qe2 Na6 14. f4 Re8 15.
Nc3 Bd4 16. Nd1 Nc5 17. Rb1 a5 18. Bc2 Bd7 19. Qd2 Bxe3+ 20. Nxe3 Qf6 21. Rf3
Ne4 22. Qd3 Re7 23. b3 Rae8 24. Nf1 c5 25. a3 b6 26. Ne3 g5 27. Nf1 gxf4 28.
Rxf4 Nc3 29. Rf2 Nxb1 30. Bxb1 Re1 31. Qg3+ Qg6 32. Qxg6+ hxg6 33. Bd3 Kg7 34.
a4 Kf6 35. h4 g5 36. hxg5+ Kxg5 37. g3 R8e3 38. Rd2 f4 39. Kf2 Rxf1+ 0-1

[Event "5MCR_4D_2L_4S"]
[Site "?"]
[Date "2002.??.??"]
[Round "?"]
[White "Jirku, Jaroslav"]
[Black "Portych, Vaclav"]
[Result "1-0"]
[WhiteElo "2225"]
[BlackElo "2040"]
[PlyCount "85"]
[EventDate "2002.??.??"]
[EventType "corr"]
[SourceDate "2004.??.??"]

1. e4 c5 2. Nf3 Nc6 3. d4 cxd4 4. Nxd4 Nf6 5. Nc3 e5 6. Ndb5 d6 7. Bg5 a6 8.
Na3 b5 9. Nd5 Be7 10. Bxf6 Bxf6 11. c3 Bb7 12. Nc2 Nb8 13. Nce3 Nd7 14. Nf5 O-O
15. Nxd6 Bxd5 16. Qxd5 Qc7 17. Rd1 Nb6 18. Qb7 Qc5 19. Be2 Na4 20. Rd5 Qa7 21.
Qxa7 Rxa7 22. c4 Nxb2 23. cxb5 axb5 24. Bxb5 Rxa2 25. O-O Rb8 26. Rc1 h6 27. g3
Be7 28. Nf5 Bf8 29. Rc7 g6 30. Ne3 Bg7 31. Rdd7 Rxb5 32. Rxf7 Bf8 33. Rf6 Nd3
34. Rxg6+ Kh8 35. Ng4 Rxf2 36. Nxf2 Rb1+ 37. Kg2 Rb2 38. Rf6 Bc5 39. Kf1 Rxf2+
40. Rxf2 Bxf2 41. Ke2 Nc5 42. Kxf2 Nxe4+ 43. Kf3 1-0

[Event "5MCR_4D_2L_4S"]
[Site "?"]
[Date "2002.??.??"]
[Round "?"]
[White "Jirku, Jaroslav"]
[Black "Zitek, Miroslav"]
[Result "1/2-1/2"]
[WhiteElo "2225"]
[BlackElo "2000"]
[PlyCount "76"]
[EventDate "2002.??.??"]
[EventType "corr"]
[SourceDate "2004.??.??"]

1. e4 d6 2. d4 Nf6 3. Nc3 g6 4. f4 Bg7 5. Nf3 O-O 6. Bd3 c5 7. dxc5 dxc5 8. Be3
Qb6 9. Qc1 Nc6 10. h3 Nb4 11. O-O Nxd3 12. cxd3 Rd8 13. Ne5 Qa5 14. Qc2 Be6 15.
Nc4 Qc7 16. a4 Nh5 17. Nb5 Qc8 18. Rad1 b6 19. g4 Ng3 20. Rfe1 Bxc4 21. Qxc4 h5
22. Bf2 h4 23. e5 Qb7 24. Bxg3 hxg3 25. Qe4 Qxe4 26. Rxe4 Rd7 27. b3 Rad8 28.
Re3 a6 29. Nc3 Rd4 30. Ne2 Rb4 31. Rb1 a5 32. Kg2 b5 33. Rc1 Rxb3 34. Rxc5 bxa4
35. Rxa5 a3 36. Nc1 Rc3 37. Ne2 Rb3 38. Nc1 Rc3 1/2-1/2

[Event "5MCR_4D_2L_4S"]
[Site "?"]
[Date "2002.??.??"]
[Round "?"]
[White "Marecek, Vladislav"]
[Black "Chvojka, Jaroslav"]
[Result "1-0"]
[WhiteElo "1800"]
[BlackElo "2125"]
[PlyCount "65"]
[EventDate "2002.??.??"]
[EventType "corr"]
[SourceDate "2004.??.??"]

1. e4 c6 2. d4 d5 3. exd5 cxd5 4. c3 Nc6 5. Nf3 Nf6 6. Bf4 Nh5 7. Be3 e6 8. Ne5
Nf6 9. Bd3 Bd6 10. Bf4 Qc7 11. Na3 Bxa3 12. bxa3 Nxe5 13. O-O Qxc3 14. Bxe5
Qxa3 15. Qf3 Ke7 16. Rfb1 Ne8 17. Rb3 Qa5 18. Rab1 f6 19. Bf4 Kd8 20. Qe3 a6
21. Rxb7 Qxa2 22. Rf7 Qa3 23. Qg3 Bd7 24. Bc7+ Kc8 25. Bb6 g5 26. Qe3 Nd6 27.
Qe2 Qa4 28. Rc1+ Kb8 29. Bc7+ Ka7 30. Bxd6 Rac8 31. Bc5+ Ka8 32. Bxa6 Rc6 33.
Bd3 1-0

[Event "5MCR_4D_2L_4S"]
[Site "?"]
[Date "2002.??.??"]
[Round "?"]
[White "Marecek, Vladislav"]
[Black "Cihal, Jan"]
[Result "1/2-1/2"]
[WhiteElo "1800"]
[BlackElo "2020"]
[PlyCount "104"]
[EventDate "2002.??.??"]
[EventType "corr"]
[SourceDate "2004.??.??"]

1. e4 c6 2. d4 d5 3. exd5 cxd5 4. c3 Nc6 5. Nf3 Nf6 6. Bf4 Bf5 7. Na3 a6 8. Ne5
Qb6 9. Qb3 Nd7 10. g4 Be4 11. f3 Ncxe5 12. fxe4 Qxb3 13. axb3 Nf3+ 14. Kf2 dxe4
15. Bg2 e6 16. Bxf3 exf3 17. Nc4 Be7 18. h4 Rg8 19. g5 b5 20. Nd2 Nb6 21. Nxf3
Nd5 22. Bg3 a5 23. c4 Nb4 24. cxb5 Bd8 25. Bd6 Nd5 26. Rhc1 Kd7 27. Rc6 f6 28.
Rac1 Bb6 29. Bg3 Rad8 30. Re1 Rge8 31. Rd6+ Kc8 32. Rdxe6 Rxe6 33. Rxe6 Rd7 34.
Bd6 Rb7 35. Ba3 Bc7 36. Re8+ Kd7 37. Rh8 fxg5 38. Nxg5 h6 39. Ne4 Rxb5 40. Rg8
Ke6 41. Rxg7 Kf5 42. Nc5 Bd8 43. Kg3 Bf6 44. Rf7 h5 45. Kf3 Rb8 46. Rd7 Rd8 47.
Rxd8 Bxd8 48. Nb7 Bxh4 49. Nxa5 Ke6 50. Nc4 Be1 51. Bd6 h4 52. Be5 Bb4 1/2-1/2

[Event "5MCR_4D_2L_4S"]
[Site "?"]
[Date "2002.??.??"]
[Round "?"]
[White "Marecek, Vladislav"]
[Black "Martinec, Tomas"]
[Result "1/2-1/2"]
[WhiteElo "1800"]
[BlackElo "2000"]
[PlyCount "58"]
[EventDate "2002.??.??"]
[EventType "corr"]
[SourceDate "2004.??.??"]

1. e4 d6 2. d4 Nf6 3. Nc3 g6 4. Nf3 Bg7 5. Be2 O-O 6. O-O c6 7. a4 b6 8. e5 Ne8
9. Bf4 Nc7 10. a5 b5 11. Qc1 Bf5 12. Bh6 Nd7 13. b4 a6 14. Bxg7 Kxg7 15. Re1
Rc8 16. Na2 Be4 17. c4 bxc4 18. Nd2 Bd5 19. Nxc4 dxe5 20. dxe5 Rb8 21. Rb1 e6
22. Qe3 Qe7 23. Rec1 Rfd8 24. f4 c5 25. bxc5 Rxb1 26. Rxb1 Bxc4 27. Bxc4 Qxc5
28. Qxc5 Nxc5 29. g3 Rd4 1/2-1/2

[Event "5MCR_4D_2L_4S"]
[Site "?"]
[Date "2002.??.??"]
[Round "?"]
[White "Marecek, Vladislav"]
[Black "Panuska, Vladimir"]
[Result "1-0"]
[WhiteElo "1800"]
[BlackElo "1800"]
[PlyCount "64"]
[EventDate "2002.??.??"]
[EventType "corr"]
[SourceDate "2004.??.??"]

1. e4 e5 2. Nf3 Nc6 3. Bb5 Nd4 4. Bc4 Bc5 5. c3 Nxf3+ 6. Qxf3 Qf6 7. Qg3 Ne7 8.
d3 O-O 9. O-O h6 10. Be3 d6 11. Nd2 Bxe3 12. fxe3 Qg6 13. Qh4 Nc6 14. Rf3 Qg4
15. Qf2 Be6 16. Bd5 Qh5 17. Rf1 Nd8 18. Bc4 Bxc4 19. Nxc4 Qg4 20. Rf5 a6 21.
Nd2 f6 22. Nf3 Ne6 23. h3 Qg6 24. Nh4 Qf7 25. Rf3 Ng5 26. Rg3 Qxa2 27. Nf5 Kh8
28. h4 Ne6 29. Qe2 Rf7 30. Qh5 Nf4 31. exf4 Qe6 32. fxe5 dxe5 1-0

[Event "5MCR_4D_2L_4S"]
[Site "?"]
[Date "2002.??.??"]
[Round "?"]
[White "Marecek, Vladislav"]
[Black "Rubes, Zdenek"]
[Result "1-0"]
[WhiteElo "1800"]
[BlackElo "2075"]
[PlyCount "53"]
[EventDate "2002.??.??"]
[EventType "corr"]
[SourceDate "2004.??.??"]

1. e4 c5 2. Nf3 d6 3. d4 cxd4 4. Nxd4 Nf6 5. Nc3 a6 6. Be3 e6 7. Be2 Qc7 8. f4
Be7 9. O-O Nc6 10. Qe1 O-O 11. Qg3 Nxd4 12. Bxd4 b5 13. a3 Bb7 14. Kh1 Bc6 15.
Rae1 Rad8 16. Bd3 Rfe8 17. Re3 Nh5 18. Qf2 Bf6 19. Bxf6 Nxf6 20. Rh3 Rd7 21.
Qh4 Qb7 22. Re1 e5 23. g4 h5 24. g5 Ng4 25. Rg1 Kf8 26. f5 f6 27. Rxg4 1-0

[Event "5MCR_4D_2L_4S"]
[Site "?"]
[Date "2002.??.??"]
[Round "?"]
[White "Marecek, Vladislav"]
[Black "Veselsky, Michal"]
[Result "1-0"]
[WhiteElo "1800"]
[BlackElo "1870"]
[PlyCount "102"]
[EventDate "2002.??.??"]
[EventType "corr"]
[SourceDate "2004.??.??"]

1. e4 e5 2. Nf3 Nc6 3. Bb5 a6 4. Ba4 Nf6 5. O-O Be7 6. Re1 b5 7. Bb3 O-O 8. c3
d6 9. h3 Na5 10. Bc2 c5 11. d4 Qc7 12. Nbd2 Bb7 13. d5 Bc8 14. b3 Bd7 15. Nf1
Nb7 16. Ng3 Rfc8 17. c4 Nd8 18. Nf5 Bf8 19. Bd3 Rcb8 20. Nh2 Ne8 21. Qf3 f6 22.
Qg3 Nf7 23. Ng4 g6 24. Nfh6+ Nxh6 25. Nxh6+ Kh8 26. Bd2 Bc8 27. Ng4 f5 28. exf5
Bxf5 29. f4 bxc4 30. Bxc4 e4 31. Bc3+ Bg7 32. Qe3 h5 33. Nf2 Nf6 34. Rad1 h4
35. Bxf6 Bxf6 36. Nxe4 Re8 37. Qf3 Qa5 38. Re2 Bxe4 39. Rxe4 Qc3 40. Qe2 Rxe4
41. Qxe4 Kg7 42. Kh1 Qb4 43. Qe6 Rd8 44. Qg4 Re8 45. Bd3 Re1+ 46. Kh2 Kf8 47.
Rxe1 Qxe1 48. Qxg6 Ke7 49. Bxa6 Qf2 50. Qg4 Kf8 51. Bc8 Qe3 1-0

[Event "5MCR_4D_2L_4S"]
[Site "?"]
[Date "2002.??.??"]
[Round "?"]
[White "Martinec, Tomas"]
[Black "Glaser, Karel"]
[Result "1-0"]
[WhiteElo "2000"]
[BlackElo "2025"]
[PlyCount "89"]
[EventDate "2002.??.??"]
[EventType "corr"]
[SourceDate "2004.??.??"]

1. e4 e5 2. Nc3 Nf6 3. Bc4 Bc5 4. d3 d6 5. Na4 Nbd7 6. Bg5 c6 7. Nxc5 Nxc5 8.
Nf3 b5 9. Bb3 a5 10. c3 O-O 11. Bc2 Be6 12. d4 Ncd7 13. dxe5 dxe5 14. Qd6 Qb8
15. Rd1 Re8 16. a3 b4 17. cxb4 axb4 18. Qxb4 Qxb4+ 19. axb4 Ra2 20. Bc1 h6 21.
O-O Kf8 22. Bb1 Raa8 23. Bd2 Bb3 24. Rc1 Ba4 25. Rfe1 Bb5 26. Bc2 Nb6 27. h3
Nfd7 28. Bb3 Nf6 29. g4 g5 30. Kg2 Na4 31. Rc2 Rad8 32. h4 Rd3 33. hxg5 hxg5
34. Bxg5 Nxg4 35. Bxa4 Bxa4 36. Rc3 Rxc3 37. bxc3 Kg7 38. Nh4 Bb3 39. Kf3 Be6
40. Rd1 Nf6 41. Rd6 Bg4+ 42. Ke3 Re6 43. Rd8 Re7 44. Bxf6+ Kxf6 45. f4 1-0

[Event "5MCR_4D_2L_4S"]
[Site "?"]
[Date "2002.??.??"]
[Round "?"]
[White "Martinec, Tomas"]
[Black "Jina, Jiri"]
[Result "1/2-1/2"]
[WhiteElo "2000"]
[BlackElo "2185"]
[PlyCount "37"]
[EventDate "2002.??.??"]
[EventType "corr"]
[SourceDate "2004.??.??"]

1. e4 e5 2. Nc3 Nf6 3. Bc4 Nc6 4. d3 Na5 5. Bb3 Nxb3 6. axb3 d5 7. exd5 Bb4 8.
Nf3 Nxd5 9. Bd2 O-O 10. O-O Bxc3 11. bxc3 Qd6 12. Re1 f6 13. h3 Ne7 14. d4 Ng6
15. Bc1 Re8 16. Qd3 Bd7 17. dxe5 Qxd3 18. cxd3 fxe5 19. Bg5 1/2-1/2

[Event "5MCR_4D_2L_4S"]
[Site "?"]
[Date "2002.??.??"]
[Round "?"]
[White "Martinec, Tomas"]
[Black "Jirku, Jaroslav"]
[Result "0-1"]
[WhiteElo "2000"]
[BlackElo "2225"]
[PlyCount "100"]
[EventDate "2002.??.??"]
[EventType "corr"]
[SourceDate "2004.??.??"]

1. e4 e5 2. Nc3 Nf6 3. Bc4 Bc5 4. d3 d6 5. Na4 Bb4+ 6. c3 d5 7. exd5 Bd6 8. Be3
O-O 9. Nc5 b6 10. Ne4 Bb7 11. Nxf6+ Qxf6 12. Qg4 Qe7 13. Nf3 f5 14. Qh3 h6 15.
Qh5 f4 16. Bd2 Nd7 17. O-O Nf6 18. Qg6 Bxd5 19. Bxd5+ Nxd5 20. Rfe1 Qe8 21. Qe4
Qf7 22. Re2 Nf6 23. Qa4 Nd7 24. Qc6 a5 25. a3 Rae8 26. b4 axb4 27. axb4 Re6 28.
Rae1 Rfe8 29. h3 Nf6 30. Bc1 R6e7 31. Nd2 Qd5 32. Qxd5+ Nxd5 33. Ne4 Ra8 34. b5
Rd7 35. Rd1 Nf6 36. d4 Be7 37. Nxf6+ Bxf6 38. d5 Ra4 39. Kf1 Rc4 40. Rc2 Kf7
41. Ke2 g5 42. f3 Be7 43. Rdd2 e4 44. fxe4 Rxe4+ 45. Kf1 Bc5 46. c4 Kg6 47. Re2
Kf5 48. Bd2 Rde7 49. Rxe4 Kxe4 50. Be1 Re8 0-1

[Event "5MCR_4D_2L_4S"]
[Site "?"]
[Date "2002.??.??"]
[Round "?"]
[White "Martinec, Tomas"]
[Black "Panuska, Vladimir"]
[Result "1/2-1/2"]
[WhiteElo "2000"]
[BlackElo "1800"]
[PlyCount "91"]
[EventDate "2002.??.??"]
[EventType "corr"]
[SourceDate "2004.??.??"]

1. e4 e5 2. Nc3 Nc6 3. f4 exf4 4. Nf3 g5 5. h4 g4 6. Ng5 h6 7. Nxf7 Kxf7 8.
Bc4+ d5 9. Nxd5 Na5 10. Be2 Nf6 11. Nxf6 Qxf6 12. d4 Kg8 13. Bxg4 Bg7 14. e5
Qb6 15. c3 c5 16. Bxf4 cxd4 17. Bxc8 Rxc8 18. Qxd4 Qxd4 19. cxd4 Rc2 20. O-O
Nc6 21. Rad1 Rxb2 22. Rf2 Rb5 23. Be3 Kh7 24. Rfd2 Rd8 25. Kf2 Ne7 26. Kf3 Nd5
27. Rd3 Kg6 28. g4 Kf7 29. Rb3 Rxb3 30. axb3 Ke6 31. Rc1 Rg8 32. g5 hxg5 33.
Bxg5 Rh8 34. Kg4 Bh6 35. Bxh6 Rxh6 36. Rc8 Rg6+ 37. Kf3 Kd7 38. Rb8 Rc6 39.
Rxb7+ Ke6 40. Rxa7 Kf5 41. Rf7+ Ke6 42. Rg7 Rc3+ 43. Kg4 Rxb3 44. Rg6+ Ke7 45.
Kf5 Rh3 46. Rg7+ 1/2-1/2

[Event "5MCR_4D_2L_4S"]
[Site "?"]
[Date "2002.??.??"]
[Round "?"]
[White "Martinec, Tomas"]
[Black "Portych, Vaclav"]
[Result "1-0"]
[WhiteElo "2000"]
[BlackElo "2040"]
[PlyCount "79"]
[EventDate "2002.??.??"]
[EventType "corr"]
[SourceDate "2004.??.??"]

1. e4 c5 2. Nc3 Nc6 3. f4 g6 4. Nf3 Bg7 5. Bb5 a6 6. Bxc6 bxc6 7. O-O d5 8. d3
Bg4 9. Qe1 Nf6 10. Ne5 Rc8 11. h3 Be6 12. f5 Bd7 13. Nxd7 Nxd7 14. exd5 Bd4+
15. Be3 Nf6 16. fxg6 hxg6 17. Bxd4 cxd4 18. Rxf6 dxc3 19. bxc3 Qxd5 20. Qe3 Rh5
21. Re1 Rc7 22. Qf4 Rb7 23. a4 Qc5+ 24. d4 Qd5 25. Qf1 Rb6 26. Qe2 e6 27. Ref1
Rh7 28. Qd3 Rg7 29. c4 Qd7 30. d5 cxd5 31. cxd5 Rd6 32. c4 Qa7+ 33. Kh1 Qd7 34.
Qg3 Kf8 35. Rb1 Qc7 36. c5 Qxc5 37. Rb8+ Ke7 38. Rxe6+ Rxe6 39. Rb7+ Kf8 40.
dxe6 1-0